| 000 | 00511nam a2200181Ia 4500 | ||
|---|---|---|---|
| 999 |
_c8996 _d8996 |
||
| 003 | OSt | ||
| 005 | 20201009115904.0 | ||
| 008 | 190216s9999||||xx |||||||||||||| ||und|| | ||
| 020 | _a9788126410767 | ||
| 040 | _coclc | ||
| 082 |
_a004 _bRAV/I |
||
| 100 |
_aRavindran, K _95527 |
||
| 245 | 0 |
_aInternet Enthellam Sevanangal Enganeyellam / _cK Ravindran |
|
| 260 |
_bDc Books, _aKottayam: _c2008. |
||
| 300 | _a242p | ||
| 650 | _aComputer Science | ||
| 942 |
_cBK _2ddc _h004 _iRAV/I _k004 _mRAV/I |
||